000 00600nam a22001817a 4500
005 20251108165433.0
008 250721s2001 xx 000 0 ara d
082 1 4 _a330.1/كيل
100 1 _aكيله، سلامه
245 1 0 _aفوضى الأفكار الماركسية و إختبارات التطور الإقتصادي الإجتماعي /
264 1 _aدمشق :
_bدار الينابيع،
_c2001.
300 _a272ص.
650 1 7 _aالمذاهب الإقتصادية
650 1 7 _aالماركسية
650 1 7 _aالفكر الإقتصادي
942 _2ddc
_cBK
999 _c27898
_d27898